000 00325nab a22001097u 4500
008 130520b1985 xxu||||| |||| 00| 0 spa d
041 _aspa
100 1 _aCornenis, Etienne
_967347
245 0 0 _aImpresiones en torno a lo último
_cEtienne Cornenis
773 0 _tConcilium
_gV.1,1985,págs.13-27
_x0210-1041
_wRev134
942 _cAR
999 _c355140
_d355140